000 00697nam a2200265Ia 4500
003 OSt
005 20220912151545.0
006 a|||||r|||| 00| 0
007 ta
008 220909b |||||||| |||| 00| 0 eng d
024 _a37148
037 _cTextual
040 _aCSL
_beng
_cCSL
041 _aeng
082 _aCN2, M9
100 _aToda Morikazu
245 0 _aNonlinear waves and solitons
260 _aTokyo
_bK T K Scientific Pub
_c1989
300 _a371p.
_ccm.
490 _aMathematics and its applications Japanese series
650 _a Physics
650 _aStatsistical mechanics
942 _hCN2, M9
_cTEXL
_2CC
999 _c71271
_d71271